El último coto
Gespeichert in:
| 1. Verfasser: | |
|---|---|
| Format: | Buch |
| Sprache: | Spanisch |
| Veröffentlicht: |
Barcelona
Destino
1992
|
| Schriftenreihe: | Colección Ancora y Delfín, 690
|
| Schlagworte: | |
| Tags: |
Tag hinzufügen
Keine Tags, Fügen Sie den ersten Tag hinzu!
|
MARC
| LEADER | 00000nam a2200000 a 4500 | ||
|---|---|---|---|
| 001 | UCX6261 | ||
| 003 | CL-VaPUC | ||
| 008 | 930506e19920000SP |||||||||||||||||spa|d | ||
| 082 | 0 | 4 | |a 863 |b DEL |2 21 |
| 100 | 0 | |a Delibes, Miguel |e author |9 313774 | |
| 245 | 1 | 3 | |a El último coto |
| 300 | |a 245 p | ||
| 942 | |c BK | ||
| 945 | |d 19930506 00:00:00 | ||
| 260 | |a Barcelona |b Destino |c 1992 | ||
| 650 | 0 | |a Novelas españolas |9 265052 | |
| 650 | 0 | |a Literatura española |9 306261 | |
| 650 | 0 | |a Autobiografías |9 265171 | |
| 583 | |a last modification |c 19930506 00:00:00 |k Rodrigo Vera | ||
| 490 | 0 | |a Colección Ancora y Delfín, 690 | |
| 999 | |c 226313 |d 226311 | ||
| 952 | |0 0 |1 0 |4 0 |6 863_000000000000000_DEL_1992 |7 0 |8 A |9 224577 |a FDOPOS |b FDOPOS |d 2019-11-15 |i 2933233 |o 863 DEL 1992 |p 2933233 |r 2025-01-22 |w 2019-11-15 |y BK |k MLH | ||